000 00586nam a22001937a 4500
003 CUTN
005 20260410103006.0
008 260410b |||||||| |||| 00| 0 eng d
020 _a9789348439116
041 _aEnglish
082 _223rd
_a894.8111
_bSEE
100 _aசீனு ராமசாமி
245 _aமேகங்களின் பேத்தி
250 _aமுதற்பதிப்பு
260 _aசென்னை:
_bஎழுத்து பிரசுரம்,
_c2025.
300 _a174p.,
700 _aSeenu Ramasamy
942 _2ddc
_cTAM
999 _c49333
_d49333